00414nam a22001217a 4500003000400000082001800004100001700022245016400039260004400203300000700247650001900254653001900273SGT a617.632bE23T aTomar, Megha aEvaluation and comparison of short dental implants versus conventional dental implants for their stability and crestal bone lossbA Clinico- Radiographic study aGurugram, HaryanabSGT Universityc2023 a87 aPeriodontology aPeriodontology